000 00455nam a2200169Ia 4500
003 GCL
008 140319s9999 xx 000 0 eng d
040 _aGCL /
_cGCL
082 0 4 _a111.85
_bS P
100 1 _aSHUSTERMAN, RICHARD
245 1 0 _aPRAGMATIST AESTHETICS:?LIVING BEAUTY RETHINKING ART /
_cSHUSTERMAN, RICHARD
260 _a[S.N] :
_bBLACK WELL ،
_c1992
300 _a325 P
650 0 4 _aPRAGMATISM
650 0 4 _aAESTHETICS
942 _2ddc
_cBK
999 _c10564
_d10564